[Event "Berlin-ch QT"]
[Site "Berlin"]
[Date "2016.03.31"]
[Round "6"]
[White "Leyrer, Thomas"]
[Black "Lange, Cecilia"]
[Result "1-0"]
[WhiteElo "1860"]
[BlackElo "1756"]
[PlyCount "89"]
[EventDate "2016.03.26"]
[EventType "swiss"]
[EventRounds "9"]
[EventCountry "GER"]
[SourceTitle "EXT 2022"]
[Source "ChessBase"]
[SourceDate "2021.10.06"]
[SourceVersion "1"]
[SourceVersionDate "2021.10.06"]
[SourceQuality "1"]

1. d4 d5 2. c4 e6 3. Nc3 Nf6 4. cxd5 exd5 5. Bg5 c6 6. e3 Be7 7. Bd3 0-0 8. Nge2 Nbd7 9. h3 Re8 10. Qc2 Nf8 11. 0-0-0 b5 12. g4 a5 13. Ng3 a4 14. Kb1 Qa5 15. Nce2 Bd7 16. Bxf6 Bxf6 17. Nf5 b4 18. Qd2 Reb8 19. h4 c5 20. dxc5 Qxc5 21. Rc1 Qa5 22. Rhd1 Ne6 23. g5 Bd8 24. Nf4 Nc5 25. Nd4 Nb3 26. Nxb3 axb3 27. a3 bxa3 28. Qxa5 Rxa5 29. Nxd5 axb2 30. Kxb2 Ra2+ 31. Kc3 b2 32. Rb1 Be6 33. e4 Rba8 34. Rxb2 R8a3+ 35. Kc2 Bg4 36. Rdb1 Ba5 37. Rxa2 Rxa2+ 38. Kb3 Rxf2 39. Ra1 Rd2 40. Rxa5 h6 41. Kc3 Rh2 42. Ra8+ Kh7 43. e5+ g6 44. Nf6+ Kg7 45. Rg8# 1-0

[Event "Berlin-ch QT"]
[Site "Berlin"]
[Date "2016.03.29"]
[Round "4"]
[White "Leyrer, Thomas"]
[Black "Rudolph, Stephanie"]
[Result "1-0"]
[WhiteElo "1860"]
[BlackElo "1805"]
[PlyCount "37"]
[EventDate "2016.03.26"]
[EventType "swiss"]
[EventRounds "9"]
[EventCountry "GER"]
[SourceTitle "EXT 2022"]
[Source "ChessBase"]
[SourceDate "2021.10.06"]
[SourceVersion "1"]
[SourceVersionDate "2021.10.06"]
[SourceQuality "1"]

1. d4 Nf6 2. c4 e6 3. Nc3 Bb4 4. f3 d5 5. a3 Bxc3+ 6. bxc3 b6 7. cxd5 exd5 8. e3 0-0 9. Bd3 Bb7 10. Ne2 Nbd7 11. 0-0 c5 12. Re1 Re8 13. Ng3 c4 14. Bb1 Nf8 15. Ra2 Qc7 16. Rae2 Bc8 17. e4 dxe4 18. Nxe4 Nxe4 19. Bxe4 1-0

[Event "Berlin Spandau op 1st"]
[Site "Berlin"]
[Date "2015.12.29"]
[Round "6"]
[White "Lischeid, Kilian"]
[Black "Leyrer, Thomas"]
[Result "1/2-1/2"]
[WhiteElo "1706"]
[BlackElo "1868"]
[PlyCount "26"]
[EventDate "2015.12.27"]
[EventType "swiss"]
[EventRounds "7"]
[EventCountry "GER"]
[SourceTitle "EXT 2022"]
[Source "ChessBase"]
[SourceDate "2021.10.06"]
[SourceVersion "1"]
[SourceVersionDate "2021.10.06"]
[SourceQuality "1"]

1. c4 e6 2. d4 d5 3. Nc3 c6 4. Bf4 f5 5. e3 Nf6 6. Nf3 Be7 7. Be2 0-0 8. 0-0 Ne4 9. h3 Nd7 10. a3 a6 11. Na2 Ndf6 12. Ne5 Bd7 13. c5 Ne8 1/2-1/2

[Event "GER-ch U25 op-A"]
[Site "Willingen"]
[Date "2015.05.28"]
[Round "7"]
[White "Leyrer, Thomas"]
[Black "Boehning, Kilian"]
[Result "0-1"]
[WhiteElo "1961"]
[BlackElo "2041"]
[PlyCount "40"]
[EventDate "2015.05.24"]
[EventType "swiss"]
[EventRounds "9"]
[EventCountry "GER"]
[SourceTitle "CBM 166 Extra"]
[Source "ChessBase"]
[SourceDate "2015.06.18"]
[SourceVersion "1"]
[SourceVersionDate "2015.06.18"]
[SourceQuality "1"]

1. d4 f5 2. g3 g6 3. Bg2 Bg7 4. Nf3 Nf6 5. 0-0 0-0 6. Re1 d6 7. Nbd2 Nh5 8. e4 f4 9. e5 d5 10. c4 c6 11. Qb3 Na6 12. g4 Bxg4 13. Qxb7 Qc8 14. Qxe7 Re8 15. Qa3 Nc7 16. cxd5 cxd5 17. Nb3 Bh3 18. Nc5 Qg4 19. Nh4 Bxg2 20. Bxf4 Qxh4 0-1

[Event "GER-ch U25 op-A"]
[Site "Willingen"]
[Date "2015.05.24"]
[Round "2"]
[White "Leyrer, Thomas"]
[Black "Wastian, Jan"]
[Result "0-1"]
[WhiteElo "1961"]
[BlackElo "1800"]
[PlyCount "92"]
[EventDate "2015.05.24"]
[EventType "swiss"]
[EventRounds "9"]
[EventCountry "GER"]
[SourceTitle "CBM 166 Extra"]
[Source "ChessBase"]
[SourceDate "2015.06.18"]
[SourceVersion "1"]
[SourceVersionDate "2015.06.18"]
[SourceQuality "1"]

1. d4 d5 2. c4 c6 3. cxd5 cxd5 4. Nc3 Nf6 5. Nf3 Nc6 6. Bf4 Nh5 7. Bg5 h6 8. Bh4 g5 9. Bg3 Nxg3 10. hxg3 Bg7 11. e3 e6 12. Bd3 Bd7 13. Rc1 Rc8 14. Nd2 Qe7 15. Qe2 f5 16. g4 0-0 17. gxf5 exf5 18. Nxd5 Qd6 19. Bc4 Be6 20. Nc3 Bxc4 21. Qxc4+ Kh8 22. Qb3 f4 23. Nce4 Qe7 24. 0-0 Qd7 25. Nc5 Qg4 26. Nf3 fxe3 27. fxe3 Nxd4 28. Nxd4 Rxf1+ 29. Kxf1 Bxd4 30. exd4 Qf4+ 31. Ke2 Qxc1 32. Qe6 Qxb2+ 33. Kd3 Qb5+ 34. Kd2 Qc6 35. Qe5+ Kg8 36. Kd3 Re8 37. Qg3 Qb5+ 38. Kc3 Qa5+ 39. Kb3 Qd2 40. Qd6 Re3+ 41. Kc4 Qxa2+ 42. Kb4 Qb2+ 43. Kc4 b5+ 44. Kd5 Qxg2+ 45. Ne4 Qxe4+ 46. Kc5 Qe7 0-1

[Event "Berlin Lichtenberger op 13th"]
[Site "Berlin"]
[Date "2014.08.24"]
[Round "9"]
[White "Heuser, Philip"]
[Black "Leyrer, Thomas"]
[Result "1-0"]
[WhiteElo "2095"]
[BlackElo "1774"]
[PlyCount "47"]
[EventDate "2014.08.16"]
[EventType "swiss"]
[EventRounds "9"]
[EventCountry "GER"]
[SourceTitle "CBM 161 Extra"]
[Source "ChessBase"]
[SourceDate "2014.08.29"]
[SourceVersion "1"]
[SourceVersionDate "2014.08.29"]
[SourceQuality "1"]

1. d4 d5 2. c4 e6 3. Nc3 c6 4. e3 f5 5. Bd3 Nf6 6. Qc2 Bd6 7. cxd5 cxd5 8. Nb5 Nc6 9. Nxd6+ Qxd6 10. Bd2 Bd7 11. Nf3 0-0 12. 0-0 Ne4 13. Rfc1 Rac8 14. Qd1 Rc7 15. Rc2 Be8 16. Ne1 g5 17. f3 Nf6 18. Bb5 a6 19. Bxc6 Bxc6 20. Nd3 Ba4 21. b3 Rxc2 22. Qxc2 Bb5 23. Bb4 Bxd3 24. Qd2 1-0

[Event "Berlin Lichtenberger op 13th"]
[Site "Berlin"]
[Date "2014.08.23"]
[Round "8"]
[White "Leyrer, Thomas"]
[Black "Badestein, Hartmut"]
[Result "1/2-1/2"]
[WhiteElo "1774"]
[BlackElo "2066"]
[PlyCount "135"]
[EventDate "2014.08.16"]
[EventType "swiss"]
[EventRounds "9"]
[EventCountry "GER"]
[SourceTitle "CBM 161 Extra"]
[Source "ChessBase"]
[SourceDate "2014.08.29"]
[SourceVersion "1"]
[SourceVersionDate "2014.08.29"]
[SourceQuality "1"]

1. d4 g6 2. c4 Bg7 3. Nc3 d6 4. e4 e5 5. d5 a5 6. Bd3 Na6 7. Be3 Nf6 8. f3 Nh5 9. Qd2 0-0 10. g4 Nf4 11. Bxf4 exf4 12. Qxf4 Nb4 13. Bb1 Qh4+ 14. Qg3 Qg5 15. Nge2 Qe3 16. Nd1 Nd3+ 17. Bxd3 Qxd3 18. Rc1 Bd7 19. Nf4 Qd4 20. Qf2 Qe5 21. Nd3 Qg5 22. Qe3 Qe7 23. 0-0 c5 24. dxc6 bxc6 25. Kh1 Rae8 26. Nf4 Be5 27. Nd3 Bg7 28. Nf4 f5 29. gxf5 Bxf5 30. exf5 Qxe3 31. Nxe3 Rxe3 32. Ne6 Rxf5 33. Nxg7 Kxg7 34. Kg2 Kf6 35. Rce1 Rxe1 36. Rxe1 Re5 37. Rd1 Ke6 38. Kf2 Rh5 39. Kg3 Rf5 40. a3 a4 41. f4 Rf8 42. h4 Rb8 43. Rd2 h5 44. Kf3 d5 45. cxd5+ cxd5 46. Rd4 Rb3+ 47. Ke2 Rxb2+ 48. Kd1 Rh2 49. Rxa4 Kf5 50. Ke1 Rxh4 51. Rd4 Rh2 52. Kf1 Ra2 53. Rxd5+ Kxf4 54. Rd3 h4 55. Kg1 g5 56. Rb3 Kg4 57. Rb4+ Kh5 58. Rb3 Kg4 59. Rb4+ Kf3 60. Rb3+ Ke2 61. Rb5 g4 62. Rb4 g3 63. Rb3 Rc2 64. Kg2 Rc5 65. Rb4 Rh5 66. a4 h3+ 67. Kxg3 h2 68. Rb2+ 1/2-1/2

[Event "Berlin Lichtenberger op 13th"]
[Site "Berlin"]
[Date "2014.08.19"]
[Round "4"]
[White "Leyrer, Thomas"]
[Black "Tonndorf, Matthias"]
[Result "0-1"]
[WhiteElo "1774"]
[BlackElo "2263"]
[PlyCount "112"]
[EventDate "2014.08.16"]
[EventType "swiss"]
[EventRounds "9"]
[EventCountry "GER"]
[SourceTitle "CBM 161 Extra"]
[Source "ChessBase"]
[SourceDate "2014.08.29"]
[SourceVersion "1"]
[SourceVersionDate "2014.08.29"]
[SourceQuality "1"]

1. d4 Nf6 2. Nf3 e6 3. e3 b6 4. Bd3 Bb7 5. 0-0 Be7 6. c4 0-0 7. Nc3 d5 8. cxd5 exd5 9. b3 Nbd7 10. Bb2 a6 11. Rc1 Bd6 12. Ne2 Qe7 13. Ng3 g6 14. Qe2 Ne4 15. Rc2 f5 16. Nd2 Ndf6 17. Rfc1 Rf7 18. Nf3 Ng4 19. Rf1 h5 20. Nh1 Rh7 21. Ne5 Nxe5 22. dxe5 Bxe5 23. Bxe5 Qxe5 24. f4 Qe6 25. Nf2 Nd6 26. Nh3 Re7 27. Re1 Qf6 28. Qd2 Rae8 29. Ng5 d4 30. Nf3 Bxf3 31. gxf3 dxe3 32. Qc3 Qxc3 33. Rxc3 a5 34. Rec1 c5 35. Kf1 Kg7 36. Ke2 Kf6 37. h4 Rd8 38. Ba6 Ne8 39. Rxe3 Rxe3+ 40. Kxe3 Nc7 41. Bc4 Rd4 42. a4 Ne8 43. Be2 Rb4 44. Bd1 Nc7 45. Rc4 Nd5+ 46. Kf2 Nxf4 47. Rxb4 Nd3+ 48. Ke3 Nxb4 49. f4 Nd5+ 50. Kf3 Nc3 51. Bc2 b5 52. Ke3 Nd5+ 53. Kf3 bxa4 54. bxa4 c4 55. Bb1 c3 56. Bc2 Nb4 0-1

[Event "GER-chT Lands U20"]
[Site "Hannover"]
[Date "2013.10.04"]
[Round "4.4"]
[White "Mieck, Jale"]
[Black "Leyrer, Thomas"]
[Result "1-0"]
[WhiteElo "1768"]
[BlackElo "1854"]
[PlyCount "59"]
[EventDate "2013.10.02"]
[EventType "team-swiss"]
[EventRounds "7"]
[EventCountry "GER"]
[SourceTitle "EXT 2014"]
[Source "ChessBase"]
[SourceDate "2013.11.20"]
[SourceVersion "1"]
[SourceVersionDate "2013.11.20"]
[SourceQuality "1"]
[WhiteTeam "Team Nord"]
[BlackTeam "Berlin"]
[WhiteTeamCountry "GER"]
[BlackTeamCountry "GER"]

1. e4 e6 2. d4 d5 3. Nc3 Nf6 4. Bg5 Bb4 5. exd5 exd5 6. Bd3 0-0 7. a3 Be7 8. Nge2 c6 9. 0-0 Nbd7 10. Ng3 h6 11. Bf4 Re8 12. Nf5 b6 13. Ne2 c5 14. c3 Nh5 15. Bd2 Bg5 16. Neg3 Bxd2 17. Nxh5 Bg5 18. Nhxg7 Nf8 19. Nxe8 Qxe8 20. Qf3 Bxf5 21. Qxf5 Qe6 22. dxc5 bxc5 23. Qf3 Rb8 24. Rfe1 Qd6 25. Re2 Ne6 26. Qf5 Nf8 27. Rae1 Qd7 28. Qf3 Rb6 29. Qg3 Kh8 30. Re8 1-0

[Event "Berlin-ch qualification"]
[Site "Berlin-Lichtenrade"]
[Date "2012.04.09"]
[Round "4.20"]
[White "Leyrer, Thomas"]
[Black "Schmidt, Juergen"]
[Result "1/2-1/2"]
[WhiteElo "1714"]
[BlackElo "2035"]
[PlyCount "113"]
[EventDate "2012.04.08"]
[EventType "swiss"]
[EventRounds "9"]
[EventCountry "GER"]
[SourceTitle "EXT 2022"]
[Source "ChessBase"]
[SourceDate "2021.10.06"]
[SourceVersion "1"]
[SourceVersionDate "2021.10.06"]
[SourceQuality "1"]

1. d4 d5 2. c4 e6 3. Nf3 Nf6 4. Nc3 Be7 5. Bg5 Nbd7 6. e3 0-0 7. Be2 b6 8. 0-0 Bb7 9. cxd5 Nxd5 10. Bxe7 Nxe7 11. Rc1 c5 12. dxc5 Nxc5 13. Nd4 Nd5 14. Nxd5 Qxd5 15. Bf3 Qxa2 16. Bxb7 Nxb7 17. Rc7 Nc5 18. Qa1 Qxa1 19. Rxa1 a5 20. Kf1 Rfc8 21. Rxc8+ Rxc8 22. Rc1 Ra8 23. Ke2 Kf8 24. Ra1 Rd8 25. Rc1 Rd5 26. Rc4 e5 27. Nf5 g6 28. e4 Rd8 29. Ne3 Nd3 30. Nd5 Nxb2 31. Rc6 Na4 32. Nxb6 Nxb6 33. Rxb6 Ra8 34. Kd2 a4 35. Kc2 a3 36. Kb1 Ra4 37. f3 Kg7 38. h4 f5 39. exf5 gxf5 40. Rb5 Rxh4 41. Rxe5 Kf6 42. Re3 Rb4+ 43. Ka1 Rb2 44. g4 fxg4 45. fxg4 Rb4 46. Rxa3 Rxg4 47. Kb2 h5 48. Kc2 Re4 49. Kd2 Kf5 50. Re3 Rf4 51. Rg3 h4 52. Rg1 h3 53. Ke2 Rh4 54. Kf3 Rf4+ 55. Kg3 Rg4+ 56. Kh2 Rxg1 57. Kxg1 1/2-1/2

[Event "GER-chA U25"]
[Site "Oberhof"]
[Date "2011.06.17"]
[Round "8"]
[White "George, Tom"]
[Black "Leyrer, Thomas"]
[Result "1-0"]
[WhiteElo "1855"]
[BlackElo "1609"]
[PlyCount "35"]
[EventDate "2011.06.11"]
[EventType "swiss"]
[EventRounds "9"]
[EventCountry "GER"]
[SourceTitle "CBM 142 Extra"]
[Source "ChessBase"]
[SourceDate "2011.06.27"]
[SourceVersion "1"]
[SourceVersionDate "2011.06.27"]
[SourceQuality "1"]

1. e4 c5 2. Nf3 Nc6 3. d4 cxd4 4. Nxd4 Nf6 5. Nc3 e5 6. Ndb5 d6 7. Bg5 a6 8. Na3 b5 9. Nd5 Be7 10. Bxf6 Bxf6 11. c3 Bg5 12. Nc2 Ne7 13. a4 Rb8 14. Ncb4 Bb7 15. Nxe7 Bxe7 16. axb5 a5 17. Nd5 0-0 18. Bc4 1-0

[Event "GER-chA U25"]
[Site "Oberhof"]
[Date "2011.06.15"]
[Round "6"]
[White "Leyrer, Thomas"]
[Black "Wissel, Daniel"]
[Result "0-1"]
[WhiteElo "1609"]
[BlackElo "1724"]
[PlyCount "38"]
[EventDate "2011.06.11"]
[EventType "swiss"]
[EventRounds "9"]
[EventCountry "GER"]
[SourceTitle "CBM 142 Extra"]
[Source "ChessBase"]
[SourceDate "2011.06.27"]
[SourceVersion "1"]
[SourceVersionDate "2011.06.27"]
[SourceQuality "1"]

1. d4 Nf6 2. c4 e6 3. Nc3 Bb4 4. Qc2 d5 5. Bg5 0-0 6. Nf3 Nbd7 7. a3 Bxc3+ 8. Qxc3 h6 9. Bh4 b6 10. cxd5 exd5 11. Qc6 Ba6 12. Bg3 Rc8 13. b4 Bc4 14. b5 Nb8 15. Qb7 Bxb5 16. Qxa7 Nc6 17. Qb7 Ne4 18. a4 Nxg3 19. axb5 Nb4 0-1

[Event "Potsdam Christmas 35th"]
[Site "Potsdam"]
[Date "2010.12.28"]
[Round "3.33"]
[White "Scholz, Ralf Dieter"]
[Black "Leyrer, Thomas"]
[Result "1-0"]
[WhiteElo "1898"]
[BlackElo "1618"]
[PlyCount "69"]
[EventDate "2010.12.27"]
[EventType "swiss"]
[EventRounds "7"]
[EventCountry "GER"]
[SourceTitle "EXT 2022"]
[Source "ChessBase"]
[SourceDate "2021.10.06"]
[SourceVersion "1"]
[SourceVersionDate "2021.10.06"]
[SourceQuality "1"]

1. Nf3 d5 2. g3 Nf6 3. Bg2 Bg4 4. 0-0 e6 5. d3 Be7 6. Ne5 Bh5 7. h3 Nbd7 8. Nf3 0-0 9. g4 Bg6 10. Nh4 Ne8 11. Nxg6 fxg6 12. c4 c6 13. e3 Nd6 14. Nd2 Rf7 15. Rb1 Bh4 16. b4 a6 17. a4 b5 18. axb5 axb5 19. c5 Nc8 20. Nf3 Bf6 21. e4 Ne5 22. Nd4 Qd7 23. Be3 Qe8 24. f4 Nd7 25. Nxc6 Nxc5 26. Ne5 Bxe5 27. fxe5 Nd7 28. exd5 Ra6 29. d4 Ne7 30. dxe6 Rxe6 31. Qb3 Ra6 32. Bg5 Kf8 33. Rxf7+ Qxf7 34. Rf1 Nf6 35. Qxf7+ 1-0

[Event "Potsdam Christmas 35th"]
[Site "Potsdam"]
[Date "2010.12.27"]
[Round "1.22"]
[White "Schlueter, Bernd"]
[Black "Leyrer, Thomas"]
[Result "1-0"]
[WhiteElo "2004"]
[BlackElo "1618"]
[PlyCount "65"]
[EventDate "2010.12.27"]
[EventType "swiss"]
[EventRounds "7"]
[EventCountry "GER"]
[SourceTitle "EXT 2022"]
[Source "ChessBase"]
[SourceDate "2021.10.06"]
[SourceVersion "1"]
[SourceVersionDate "2021.10.06"]
[SourceQuality "1"]

1. d4 d5 2. Nf3 Nf6 3. c4 c6 4. Nc3 Nbd7 5. Bg5 dxc4 6. e4 b5 7. e5 Nd5 8. a4 Nxc3 9. bxc3 Nb6 10. axb5 cxb5 11. Be2 Nd5 12. Qc2 h6 13. Bh4 Qd7 14. Nd2 Bb7 15. Ne4 e6 16. 0-0 Nf4 17. Bf3 Bd5 18. Ra6 Bxe4 19. Bxe4 Qc8 20. Rfa1 Nd5 21. Bxd5 exd5 22. e6 Qb7 23. Qf5 g5 24. exf7+ Qxf7 25. Re1+ Be7 26. Rf6 Qh7 27. Qxd5 Rc8 28. Qxb5+ Kd8 29. Qd5+ Ke8 30. Bg3 Rf8 31. Rfe6 Rf7 32. Qb7 Kd8 33. Bd6 1-0

[Event "GER-ch U14 DEM op"]
[Site "Oberhof"]
[Date "2010.05.27"]
[Round "5"]
[White "Svane, Frederik"]
[Black "Leyrer, Thomas"]
[Result "0-1"]
[WhiteElo "821"]
[BlackElo "1138"]
[PlyCount "100"]
[EventDate "2010.05.23"]
[EventType "swiss"]
[EventRounds "7"]
[EventCountry "GER"]
[SourceTitle "CBM 136 Extra"]
[Source "ChessBase"]
[SourceDate "2010.07.02"]
[SourceVersion "2"]
[SourceVersionDate "2010.07.15"]
[SourceQuality "1"]

1. e4 e5 2. Bc4 Bc5 3. Nf3 Nc6 4. c3 Nf6 5. 0-0 0-0 6. b4 Bb6 7. d3 d6 8. Qb3 Qe7 9. a4 a6 10. a5 Ba7 11. Bg5 h6 12. Bh4 Be6 13. Bxe6 Qxe6 14. Qxe6 fxe6 15. Rd1 Rab8 16. d4 exd4 17. cxd4 Nxe4 18. Re1 d5 19. Rd1 Nxb4 20. Be7 Nc6 21. Bxf8 Rxf8 22. Ra4 Rb8 23. Nbd2 Nc3 24. Rda1 Nxa4 25. Rxa4 Re8 26. Kf1 Rf8 27. Ke2 Kf7 28. Ne5+ Nxe5 29. dxe5 Ke7 30. Nf3 Kd7 31. Rg4 Rf7 32. Nd4 Bxd4 33. Rxd4 Rf5 34. f4 g5 35. g3 gxf4 36. gxf4 Rh5 37. Rb4 Kc6 38. Kf2 Rxh2+ 39. Kg3 Ra2 40. Rb3 Rxa5 41. Rc3+ Rc5 42. Rb3 d4 43. Kg4 Rc3 44. Rb2 b5 45. Rd2 Rc4 46. Kf3 Kd5 47. Re2 d3 48. Ke3 dxe2 49. Kxe2 Rxf4 50. Kd3 Rf3+ 0-1

[Event "GER-ch U14 DEM op"]
[Site "Oberhof"]
[Date "2010.05.25"]
[Round "3"]
[White "Scholz, Richard"]
[Black "Leyrer, Thomas"]
[Result "0-1"]
[WhiteElo "890"]
[BlackElo "1138"]
[PlyCount "114"]
[EventDate "2010.05.23"]
[EventType "swiss"]
[EventRounds "7"]
[EventCountry "GER"]
[SourceTitle "CBM 136 Extra"]
[Source "ChessBase"]
[SourceDate "2010.07.02"]
[SourceVersion "2"]
[SourceVersionDate "2010.07.15"]
[SourceQuality "1"]

1. e4 e5 2. Nf3 Nc6 3. Bc4 Bc5 4. d3 Nf6 5. 0-0 d6 6. Nc3 Bg4 7. h3 Bh5 8. g4 Bg6 9. Ng5 h6 10. Nxf7 Bxf7 11. Bxf7+ Kxf7 12. Be3 Bxe3 13. fxe3 Ke8 14. Qf3 Ne7 15. h4 Qd7 16. g5 Qg4+ 17. Kh2 Qxh4+ 18. Kg2 Qxg5+ 19. Kh3 Qh5+ 20. Qxh5+ Nxh5 21. Kg4 Nf6+ 22. Kf3 Rf8 23. Kg2 Kd7 24. d4 Ng4 25. Rxf8 Rxf8 26. Kh3 Nxe3 27. Ne2 Rf3+ 28. Kh4 Rf2 29. Ng3 Nxc2 30. Rf1 Rxf1 31. Nxf1 Nxd4 32. Ng3 Ng6+ 33. Kh5 Nf4+ 34. Kg4 Nfe2 35. Nxe2 Nxe2 36. Kf3 Nd4+ 37. Ke3 g5 38. b3 g4 39. b4 g3 40. a3 g2 41. Kf2 Nc2 42. Kxg2 Nxa3 43. Kf3 c5 44. bxc5 dxc5 45. Kg4 c4 46. Kf3 h5 47. Kf2 h4 48. Ke2 c3 49. Ke1 h3 50. Kf2 c2 51. Kg3 c1Q 52. Kxh3 Qg1 53. Kh4 Ke6 54. Kh5 Qg3 55. Kh6 Kf7 56. Kh5 b6 57. Kh6 Qg6# 0-1